[Event "Prague Open 2022 - A IM Open"]
[Site "Olympik hotel, Prague"]
[Date "2022.01.10"]
[Round "5"]
[Board "6"]
[White "Nielsen, Andre"]
[Black "Mannion, Stephen R"]
[Result "1/2-1/2"]
[WhiteElo "2207"]
[BlackElo "2271"]
[PlyCount "0"]
[EventDate "2022.01.07"]
[EventRounds "9"]
[EventCountry "CZE"]

1. e4 {[%clk 1:30:44]} e5 {[%clk 1:28:25]} 2. Nf3 {[%clk 1:30:52]} Nc6
{[%clk 1:28:50]} 3. Bc4 {[%clk 1:31:10]} Bc5 {[%clk 1:29:14]} 4. c3
{[%clk 1:31:27]} Nf6 {[%clk 1:29:36]} 5. d4 {[%clk 1:30:00]} exd4
{[%clk 1:29:50]} 6. cxd4 {[%clk 1:30:20]} Bb4+ {[%clk 1:30:14]} 7. Nbd2
{[%clk 1:30:25]} Nxe4 {[%clk 1:26:24]} 8. d5 {[%clk 1:30:24]} Nxd2
{[%clk 1:24:34]} 9. Bxd2 {[%clk 1:30:23]} Bxd2+ {[%clk 1:18:20]} 10. Qxd2
{[%clk 1:30:39]} Ne7 {[%clk 1:18:39]} 11. O-O-O {[%clk 1:30:13]} d6
{[%clk 1:10:27]} 12. h4 {[%clk 1:28:53]} O-O {[%clk 0:50:08]} 13. h5
{[%clk 1:27:51]} h6 {[%clk 0:50:31]} 14. Rdg1 {[%clk 1:27:31]} c6
{[%clk 0:40:03]} 15. g4 {[%clk 0:59:48]} cxd5 {[%clk 0:40:03]} 16. Bb3
{[%clk 0:59:34]} f6 {[%clk 0:28:29]} 17. Bc2 {[%clk 0:42:13]} Bd7
{[%clk 0:24:23]} 18. Qd3 {[%clk 0:35:34]} Rc8 {[%clk 0:24:49]} 19. Kb1
{[%clk 0:32:20]} Rxc2 {[%clk 0:24:52]} 20. Qxc2 {[%clk 0:32:35]} Qc8
{[%clk 0:24:26]} 21. Nd4 {[%clk 0:23:08]} Bxg4 {[%clk 0:10:24]} 22. Qxc8
{[%clk 0:21:47]} Bxc8 {[%clk 0:10:49]} 23. Rc1 {[%clk 0:21:34]} Nf5
{[%clk 0:10:40]} 24. Rxc8 {[%clk 0:21:03]} Nxd4 {[%clk 0:11:08]} 25. Rc7
{[%clk 0:13:02]} Rf7 {[%clk 0:11:17]} 26. Rc8+ {[%clk 0:13:11]} Rf8
{[%clk 0:11:29]} 27. Rc7 {[%clk 0:12:39]} Rf7 {[%clk 0:11:51]} 28. Rc8+
{[%clk 0:12:57]} Rf8 {[%clk 0:12:11]} 29. Rc7 {[%clk 0:12:52]}  1/2-1/2

[Event "Prague Open 2022 - A IM Open"]
[Site "Olympik hotel, Prague"]
[Date "2022.01.10"]
[Round "5"]
[Board "7"]
[White "Neuman, Petr"]
[Black "Novotny, Michal"]
[Result "1-0"]
[WhiteElo "2402"]
[BlackElo "2243"]
[PlyCount "0"]
[EventDate "2022.01.07"]
[EventRounds "9"]
[EventCountry "CZE"]

1. Nf3 {[%clk 1:29:42]} d5 {[%clk 1:21:17]} 2. g3 {[%clk 1:30:01]} g6
{[%clk 1:20:46]} 3. Bg2 {[%clk 1:30:14]} Bg7 {[%clk 1:21:14]} 4. O-O
{[%clk 1:30:33]} e5 {[%clk 1:21:32]} 5. d3 {[%clk 1:30:49]} Ne7 {[%clk 1:18:29]}
6. Nbd2 {[%clk 1:30:39]} O-O {[%clk 1:17:44]} 7. e4 {[%clk 1:28:29]} Nbc6
{[%clk 1:13:07]} 8. c3 {[%clk 1:26:45]} a5 {[%clk 1:01:37]} 9. a4
{[%clk 1:21:31]} d4 {[%clk 1:01:08]} 10. Nb3 {[%clk 1:18:34]} b6 {[%clk 0:59:14]}
11. cxd4 {[%clk 1:17:25]} exd4 {[%clk 0:59:22]} 12. Nbd2 {[%clk 1:16:28]} Nb4
{[%clk 0:50:46]} 13. Nc4 {[%clk 1:15:05]} Be6 {[%clk 0:46:16]} 14. b3
{[%clk 1:15:10]} h6 {[%clk 0:46:42]} 15. Ne1 {[%clk 1:13:05]} Qd7
{[%clk 0:45:18]} 16. Nc2 {[%clk 1:12:01]} Rab8 {[%clk 0:36:10]} 17. Nxb4
{[%clk 1:07:45]} axb4 {[%clk 0:36:38]} 18. Qc2 {[%clk 1:07:48]} f5
{[%clk 0:32:23]} 19. f3 {[%clk 1:00:43]} g5 {[%clk 0:32:17]} 20. Bd2
{[%clk 1:00:49]} c5 {[%clk 0:23:53]} 21. a5 {[%clk 0:59:47]} bxa5
{[%clk 0:20:55]} 22. Rxa5 {[%clk 0:59:35]} fxe4 {[%clk 0:21:16]} 23. fxe4
{[%clk 0:59:23]} Rxf1+ {[%clk 0:21:44]} 24. Bxf1 {[%clk 0:59:42]} Rb5
{[%clk 0:21:16]} 25. Ra8+ {[%clk 0:58:25]} Kh7 {[%clk 0:21:45]} 26. Bg2
{[%clk 0:57:08]} Ng6 {[%clk 0:21:23]} 27. Qd1 {[%clk 0:49:34]} Rb7
{[%clk 0:19:31]} 28. e5 {[%clk 0:46:08]} Bd5 {[%clk 0:19:39]} 29. Qe2
{[%clk 0:45:26]} Bxc4 {[%clk 0:16:41]} 30. dxc4 {[%clk 0:44:28]} Ra7
{[%clk 0:17:10]} 31. e6 {[%clk 0:36:22]} Qe7 {[%clk 0:17:39]} 32. Rxa7
{[%clk 0:36:46]} Qxa7 {[%clk 0:18:03]} 33. Be4 {[%clk 0:37:06]} Bf6
{[%clk 0:16:57]} 34. h4 {[%clk 0:31:34]} Kg7 {[%clk 0:15:10]} 35. hxg5
{[%clk 0:30:26]} hxg5 {[%clk 0:14:08]} 36. Qh5 {[%clk 0:27:40]} Qa1+
{[%clk 0:13:16]} 37. Kg2 {[%clk 0:26:41]} Ne5 {[%clk 0:13:44]} 38. Bxg5
{[%clk 0:26:00]} Qb2+ {[%clk 0:12:47]} 39. Kh3 {[%clk 0:26:15]}  1-0

[Event "Prague Open 2022 - A IM Open"]
[Site "Olympik hotel, Prague"]
[Date "2022.01.10"]
[Round "5"]
[Board "8"]
[White "Czerw, Dawid"]
[Black "Michalczak, Thomas"]
[Result "1/2-1/2"]
[WhiteElo "2396"]
[BlackElo "2218"]
[PlyCount "0"]
[EventDate "2022.01.07"]
[EventRounds "9"]
[EventCountry "CZE"]

1. e4 e5 {[%clk 1:23:48]} 2. Nf3 {[%clk 1:31:04]} Nc6 {[%clk 1:24:12]} 3. Bb5
{[%clk 1:31:29]} a6 {[%clk 1:24:12]} 4. Ba4 {[%clk 1:31:49]} Nf6 {[%clk 1:24:37]}
5. Qe2 {[%clk 1:32:14]} b5 {[%clk 1:24:52]} 6. Bb3 {[%clk 1:32:30]} Be7
{[%clk 1:25:17]} 7. d4 {[%clk 1:30:27]} d6 {[%clk 1:23:02]} 8. c3
{[%clk 1:22:25]} O-O {[%clk 1:23:02]} 9. O-O {[%clk 1:21:54]} Bg4
{[%clk 1:18:54]} 10. d5 {[%clk 1:15:34]} Na5 {[%clk 1:18:28]} 11. Bc2
{[%clk 1:15:04]} h6 {[%clk 1:04:21]} 12. h3 {[%clk 1:12:49]} Bd7 {[%clk 0:59:04]}
13. Rd1 {[%clk 1:08:15]} Qc8 {[%clk 0:53:06]} 14. Nbd2 {[%clk 1:05:25]} c6
{[%clk 0:52:20]} 15. dxc6 {[%clk 1:04:12]} Qxc6 {[%clk 0:46:43]} 16. Nf1
{[%clk 1:02:31]} Rfe8 {[%clk 0:44:42]} 17. Ne3 {[%clk 0:50:30]} Bf8
{[%clk 0:38:49]} 18. Nd5 {[%clk 0:37:22]} Nxd5 {[%clk 0:38:57]} 19. exd5
{[%clk 0:35:34]} Qc4 {[%clk 0:37:56]} 20. Qxc4 {[%clk 0:31:51]} Nxc4
{[%clk 0:38:07]} 21. a4 {[%clk 0:30:36]} Rec8 {[%clk 0:32:25]} 22. Ne1
{[%clk 0:20:09]} bxa4 {[%clk 0:29:40]} 23. Bxa4 {[%clk 0:18:56]} Bxa4
{[%clk 0:30:01]} 24. Rxa4 {[%clk 0:19:21]} Rab8 {[%clk 0:30:17]} 25. b4
{[%clk 0:09:15]} Nb6 {[%clk 0:23:51]} 26. Ra3 {[%clk 0:08:55]} Rb7
{[%clk 0:22:32]} 27. Kf1 {[%clk 0:03:55]} Ra8 {[%clk 0:20:05]} 28. Nc2
{[%clk 0:03:28]} Nc4 {[%clk 0:20:09]} 29. Ra2 {[%clk 0:03:08]} a5
{[%clk 0:18:11]} 30. Ne3 {[%clk 0:03:08]} Nxe3+ {[%clk 0:15:55]} 31. Bxe3
{[%clk 0:03:26]} Rb5 {[%clk 0:15:55]} 32. Ke2 {[%clk 0:03:23]} Be7
{[%clk 0:15:49]} 33. Rb1 {[%clk 0:03:03]} Rab8 {[%clk 0:15:36]} 34. Rab2
{[%clk 0:03:07]} Bg5 {[%clk 0:03:28]} 35. Bxg5 {[%clk 0:01:09]} hxg5
{[%clk 0:03:56]} 36. c4 {[%clk 0:00:58]} Rxb4 {[%clk 0:03:45]} 37. Rxb4
{[%clk 0:01:07]} axb4 {[%clk 0:02:54]} 38. Kd3 {[%clk 0:00:47]}  1/2-1/2

[Event "Prague Open 2022 - A IM Open"]
[Site "Olympik hotel, Prague"]
[Date "2022.01.10"]
[Round "5"]
[Board "9"]
[White "Fus, Jakub"]
[Black "Jordanov, Mihail"]
[Result "1/2-1/2"]
[WhiteElo "2385"]
[BlackElo "2209"]
[PlyCount "0"]
[EventDate "2022.01.07"]
[EventRounds "9"]
[EventCountry "CZE"]

1. d4 {[%clk 1:17:10]} Nf6 {[%clk 1:30:56]} 2. c4 {[%clk 1:17:00]} e6
{[%clk 1:31:19]} 3. Nf3 {[%clk 1:17:18]} b6 {[%clk 1:31:29]} 4. Bf4
{[%clk 1:17:29]} Bb4+ {[%clk 1:25:27]} 5. Nbd2 {[%clk 1:14:30]} Bb7
{[%clk 1:24:32]} 6. e3 {[%clk 1:10:31]} O-O {[%clk 1:22:21]} 7. Bd3
{[%clk 1:09:18]} d5 {[%clk 1:15:13]} 8. O-O {[%clk 1:09:15]} Bd6 {[%clk 1:12:06]}
9. Bg5 {[%clk 1:08:09]} Be7 {[%clk 1:11:38]} 10. Rc1 {[%clk 0:54:16]} h6
{[%clk 1:00:29]} 11. Bh4 {[%clk 0:48:48]} Nbd7 {[%clk 0:59:45]} 12. cxd5
{[%clk 0:46:21]} Nxd5 {[%clk 0:47:14]} 13. Bxe7 {[%clk 0:45:38]} Nxe7
{[%clk 0:47:36]} 14. Ne4 {[%clk 0:42:42]} Nd5 {[%clk 0:44:29]} 15. Qa4
{[%clk 0:40:59]} Qe7 {[%clk 0:36:37]} 16. Bb5 {[%clk 0:39:58]} Nb8
{[%clk 0:29:15]} 17. Nc3 {[%clk 0:36:13]} Rc8 {[%clk 0:27:25]} 18. Nxd5
{[%clk 0:32:07]} Bxd5 {[%clk 0:27:12]} 19. Bd3 {[%clk 0:32:16]} c5
{[%clk 0:15:52]} 20. dxc5 {[%clk 0:31:27]} bxc5 {[%clk 0:16:13]} 21. Be4
{[%clk 0:27:17]} Qb7 {[%clk 0:12:22]} 22. Rxc5 {[%clk 0:25:55]} Bxe4
{[%clk 0:11:44]} 23. Rxc8+ {[%clk 0:26:11]} Qxc8 {[%clk 0:12:11]} 24. Qxe4
{[%clk 0:26:37]} Nd7 {[%clk 0:12:37]} 25. Nd4 {[%clk 0:25:38]} Rb8
{[%clk 0:11:27]} 26. Nc6 {[%clk 0:19:38]} Nf6 {[%clk 0:07:50]} 27. Qc2
{[%clk 0:17:14]} Qc7 {[%clk 0:07:36]} 28. Rc1 {[%clk 0:17:38]} Rb7
{[%clk 0:07:24]} 29. b4 {[%clk 0:17:06]} Qb6 {[%clk 0:06:26]} 30. Qc5
{[%clk 0:15:10]} Qa6 {[%clk 0:04:37]} 31. Qc4 {[%clk 0:13:39]} Qa3
{[%clk 0:04:13]} 32. Rb1 {[%clk 0:11:31]} Nd5 {[%clk 0:03:32]} 33. Qb3
{[%clk 0:10:54]} Qxb3 {[%clk 0:02:59]} 34. Rxb3 {[%clk 0:11:21]} Rb6
{[%clk 0:02:38]} 35. b5 {[%clk 0:05:56]} a6 {[%clk 0:02:53]} 36. Nd4
{[%clk 0:04:54]} e5 {[%clk 0:02:44]} 37. e4 {[%clk 0:01:35]} Nc7 {[%clk 0:02:34]}
38. Nf3 {[%clk 0:01:35]} Rxb5 {[%clk 0:01:40]} 39. Kf1 {[%clk 0:01:36]} f6
{[%clk 0:01:39]} 40. Ke2 {[%clk 0:01:44]} Ra5 {[%clk 0:01:30]} 41. Rb8+
{[%clk 0:28:50]} Kh7 {[%clk 0:31:21]} 42. Rb2 {[%clk 0:29:00]} Nb5
{[%clk 0:29:39]} 43. Kd3 {[%clk 0:27:14]} Ra3+ {[%clk 0:29:23]} 44. Kc4
{[%clk 0:26:11]} Ra4+ {[%clk 0:29:32]} 45. Kd3 {[%clk 0:25:39]} Ra3+
{[%clk 0:29:19]}  1/2-1/2

[Event "Prague Open 2022 - A IM Open"]
[Site "Olympik hotel, Prague"]
[Date "2022.01.10"]
[Round "5"]
[Board "10"]
[White "Bochnicka, Vladimir"]
[Black "Kozak, Antoni"]
[Result "0-1"]
[WhiteElo "2222"]
[BlackElo "2377"]
[PlyCount "0"]
[EventDate "2022.01.07"]
[EventRounds "9"]
[EventCountry "CZE"]

1. c4 {[%clk 1:30:56]} d6 {[%clk 1:09:40]} 2. Nc3 {[%clk 1:31:08]} e5
{[%clk 1:08:56]} 3. g3 {[%clk 1:30:10]} g6 {[%clk 1:08:22]} 4. Bg2
{[%clk 1:30:32]} Bg7 {[%clk 1:08:47]} 5. d3 {[%clk 1:28:40]} f5 {[%clk 1:06:45]}
6. e4 {[%clk 1:27:34]} Nc6 {[%clk 0:59:28]} 7. Nge2 {[%clk 1:27:19]} Nf6
{[%clk 0:59:32]} 8. O-O {[%clk 1:26:55]} O-O {[%clk 0:59:50]} 9. exf5
{[%clk 1:24:11]} Bxf5 {[%clk 0:59:38]} 10. h3 {[%clk 1:23:22]} Qd7
{[%clk 0:45:43]} 11. Kh2 {[%clk 1:23:38]} Rad8 {[%clk 0:45:30]} 12. Be3
{[%clk 1:15:03]} Be6 {[%clk 0:42:06]} 13. f4 {[%clk 1:10:14]} h6 {[%clk 0:29:01]}
14. b3 {[%clk 1:02:14]} Kh7 {[%clk 0:24:29]} 15. Qd2 {[%clk 0:57:44]} Ne7
{[%clk 0:19:52]} 16. Rae1 {[%clk 0:53:02]} Bf7 {[%clk 0:14:28]} 17. Bg1
{[%clk 0:42:47]} exf4 {[%clk 0:13:52]} 18. Nxf4 {[%clk 0:42:30]} g5
{[%clk 0:14:17]} 19. Nfe2 {[%clk 0:41:50]} d5 {[%clk 0:13:42]} 20. Bc5
{[%clk 0:32:10]} b6 {[%clk 0:11:35]} 21. Bxe7 {[%clk 0:31:48]} Qxe7
{[%clk 0:11:59]} 22. Nd4 {[%clk 0:22:02]} Qd7 {[%clk 0:11:03]} 23. Nf5
{[%clk 0:22:21]} dxc4 {[%clk 0:10:11]} 24. Ne4 {[%clk 0:18:08]} Bg6
{[%clk 0:05:15]} 25. Nxg5+ {[%clk 0:14:48]} hxg5 {[%clk 0:05:42]} 26. Re7
{[%clk 0:15:08]} Bxf5 {[%clk 0:06:09]} 27. Rxd7 {[%clk 0:15:31]} Bxd7
{[%clk 0:06:25]} 28. dxc4 {[%clk 0:15:19]} g4 {[%clk 0:05:20]} 29. h4
{[%clk 0:15:14]} Bf5 {[%clk 0:04:33]} 30. Qg5 {[%clk 0:09:16]} Bg6
{[%clk 0:04:01]} 31. c5 {[%clk 0:06:24]} bxc5 {[%clk 0:02:57]} 32. Qxc5
{[%clk 0:06:19]} Rd2 {[%clk 0:03:03]} 33. Qxa7 {[%clk 0:04:54]} Re8
{[%clk 0:03:09]} 34. Kh1 {[%clk 0:03:35]} Ree2 {[%clk 0:03:00]} 35. Qxc7
{[%clk 0:03:21]} Rxg2 {[%clk 0:02:52]} 36. Rxf6 {[%clk 0:03:46]} Rh2+
{[%clk 0:03:18]}  0-1

[Event "Prague Open 2022 - A IM Open"]
[Site "Olympik hotel, Prague"]
[Date "2022.01.10"]
[Round "5"]
[Board "11"]
[White "Plischki, Sebastian"]
[Black "Grutter, Tim"]
[Result "1/2-1/2"]
[WhiteElo "2375"]
[BlackElo "2194"]
[PlyCount "0"]
[EventDate "2022.01.07"]
[EventRounds "9"]
[EventCountry "CZE"]

1. d4 {[%clk 1:30:53]} Nf6 {[%clk 1:30:52]} 2. Bg5 {[%clk 1:31:08]} g6
{[%clk 1:30:05]} 3. Bxf6 {[%clk 1:31:27]} exf6 {[%clk 1:30:30]} 4. e3
{[%clk 1:31:49]} f5 {[%clk 1:28:39]} 5. g3 {[%clk 1:30:47]} d6 {[%clk 1:25:56]}
6. Bg2 {[%clk 1:31:03]} Nd7 {[%clk 1:25:55]} 7. c4 {[%clk 1:30:10]} c6
{[%clk 1:22:56]} 8. Nc3 {[%clk 1:30:31]} Nf6 {[%clk 1:22:07]} 9. Nge2
{[%clk 1:30:46]} Be7 {[%clk 1:20:02]} 10. O-O {[%clk 1:29:49]} O-O
{[%clk 1:20:23]} 11. b4 {[%clk 1:27:32]} Re8 {[%clk 1:14:46]} 12. b5
{[%clk 1:26:09]} Qc7 {[%clk 1:11:56]} 13. bxc6 {[%clk 1:21:57]} bxc6
{[%clk 1:12:04]} 14. Rb1 {[%clk 1:22:07]} Bd7 {[%clk 1:10:30]} 15. Qa4
{[%clk 1:16:29]} Rab8 {[%clk 1:07:36]} 16. Rb3 {[%clk 1:12:51]} Rb6
{[%clk 0:59:12]} 17. Rfb1 {[%clk 1:08:36]} Reb8 {[%clk 0:54:04]} 18. Qa3
{[%clk 1:04:40]} Bc8 {[%clk 0:44:19]} 19. Nf4 {[%clk 0:54:12]} Ne4
{[%clk 0:28:57]} 20. Qc1 {[%clk 0:42:06]} Nxc3 {[%clk 0:28:15]} 21. Qxc3
{[%clk 0:42:29]} Rxb3 {[%clk 0:20:01]} 22. axb3 {[%clk 0:42:05]} a5
{[%clk 0:20:03]} 23. Nd3 {[%clk 0:39:15]} Bf6 {[%clk 0:17:16]} 24. c5
{[%clk 0:36:10]} d5 {[%clk 0:15:09]} 25. Ra1 {[%clk 0:35:35]} Ba6
{[%clk 0:15:00]} 26. Bf1 {[%clk 0:34:42]} Bxd3 {[%clk 0:14:36]} 27. Qxd3
{[%clk 0:32:35]} Bd8 {[%clk 0:14:30]} 28. Be2 {[%clk 0:30:10]} Rb4
{[%clk 0:13:33]} 29. Ra4 {[%clk 0:28:52]} Rb8 {[%clk 0:12:14]} 30. Bd1
{[%clk 0:26:29]} Qb7 {[%clk 0:12:22]} 31. Bc2 {[%clk 0:24:45]} Bc7
{[%clk 0:11:45]} 32. Kf1 {[%clk 0:21:57]} h5 {[%clk 0:08:25]} 33. Ke2
{[%clk 0:21:44]} Kf8 {[%clk 0:05:39]} 34. Kd2 {[%clk 0:19:02]} Qb5
{[%clk 0:04:56]} 35. Qxb5 {[%clk 0:18:08]} Rxb5 {[%clk 0:05:19]} 36. Kc3
{[%clk 0:16:15]} Ke7 {[%clk 0:05:20]} 37. Ra1 {[%clk 0:14:07]} Rxc5+
{[%clk 0:04:58]} 38. Kd2 {[%clk 0:13:04]} Rb5 {[%clk 0:05:19]} 39. Bd1
{[%clk 0:12:47]} Kd6 {[%clk 0:03:59]} 40. Rc1 {[%clk 0:12:58]} Rb8
{[%clk 0:03:19]} 41. Ra1 {[%clk 0:13:02]} h4 {[%clk 0:02:36]} 42. Ke2
{[%clk 0:12:35]} Rh8 {[%clk 0:29:11]} 43. Rc1 {[%clk 0:37:56]} Rg8
{[%clk 0:25:24]} 44. b4 {[%clk 0:36:34]} Ra8 {[%clk 0:22:36]} 45. Ba4
{[%clk 0:33:27]} Ra6 {[%clk 0:21:40]}  1/2-1/2

[Event "Prague Open 2022 - A IM Open"]
[Site "Olympik hotel, Prague"]
[Date "2022.01.10"]
[Round "5"]
[Board "12"]
[White "Melaa, Sondre"]
[Black "Van Osch, Mees"]
[Result "0-1"]
[WhiteElo "2165"]
[BlackElo "2366"]
[PlyCount "0"]
[EventDate "2022.01.07"]
[EventRounds "9"]
[EventCountry "CZE"]

1. d4 {[%clk 1:30:00]} Nf6 {[%clk 1:30:57]} 2. c4 {[%clk 1:29:47]} g6
{[%clk 1:31:21]} 3. Nc3 {[%clk 1:29:58]} Bg7 {[%clk 1:31:41]} 4. e4
{[%clk 1:30:01]} d6 {[%clk 1:31:25]} 5. Nf3 {[%clk 1:30:04]} O-O {[%clk 1:31:51]}
6. Be2 {[%clk 1:30:17]} Na6 {[%clk 1:31:46]} 7. O-O {[%clk 1:28:50]} e5
{[%clk 1:32:00]} 8. d5 {[%clk 1:25:55]} Nc5 {[%clk 1:32:26]} 9. Qc2
{[%clk 1:25:47]} a5 {[%clk 1:32:53]} 10. b3 {[%clk 1:20:12]} Ng4 {[%clk 1:28:01]}
11. Bg5 {[%clk 1:14:03]} f6 {[%clk 1:28:08]} 12. Bh4 {[%clk 1:13:23]} g5
{[%clk 1:08:09]} 13. Bg3 {[%clk 1:12:24]} f5 {[%clk 1:08:17]} 14. exf5
{[%clk 1:09:06]} Bxf5 {[%clk 1:08:32]} 15. Qd2 {[%clk 1:05:58]} h6
{[%clk 0:44:41]} 16. Rac1 {[%clk 0:50:52]} Nf6 {[%clk 0:43:33]} 17. Qe3
{[%clk 0:42:29]} Qe8 {[%clk 0:35:29]} 18. Ne1 {[%clk 0:37:44]} Qg6
{[%clk 0:32:31]} 19. Rd1 {[%clk 0:36:04]} h5 {[%clk 0:12:55]} 20. f3
{[%clk 0:31:41]} h4 {[%clk 0:11:53]} 21. Bf2 {[%clk 0:31:30]} Bh6
{[%clk 0:12:17]} 22. Qd2 {[%clk 0:27:47]} e4 {[%clk 0:10:07]} 23. Bxc5
{[%clk 0:26:05]} dxc5 {[%clk 0:10:18]} 24. fxe4 {[%clk 0:26:13]} Nxe4
{[%clk 0:08:14]} 25. Nxe4 {[%clk 0:25:50]} g4 {[%clk 0:07:06]} 26. Rxf5
{[%clk 0:19:48]} Bxd2 {[%clk 0:05:59]} 27. Rxf8+ {[%clk 0:20:10]} Rxf8
{[%clk 0:06:20]} 28. Nxd2 {[%clk 0:20:32]} Qe8 {[%clk 0:03:46]} 29. Bd3
{[%clk 0:18:54]} Qe3+ {[%clk 0:03:18]} 30. Kh1 {[%clk 0:19:17]} h3
{[%clk 0:03:10]} 31. Nf1 {[%clk 0:17:06]} Qf2 {[%clk 0:03:04]} 32. Ng3
{[%clk 0:16:31]} Re8 {[%clk 0:03:05]}  0-1

[Event "Prague Open 2022 - A IM Open"]
[Site "Olympik hotel, Prague"]
[Date "2022.01.10"]
[Round "5"]
[Board "13"]
[White "Hrabusa, Matej"]
[Black "Stanojevic, Ilija"]
[Result "1-0"]
[WhiteElo "2364"]
[BlackElo "2184"]
[PlyCount "0"]
[EventDate "2022.01.07"]
[EventRounds "9"]
[EventCountry "CZE"]

1. d4 {[%clk 1:30:56]} Nf6 {[%clk 1:30:45]} 2. Nf3 {[%clk 1:31:11]} e6
{[%clk 1:31:02]} 3. g3 {[%clk 1:30:52]} b6 {[%clk 1:27:19]} 4. Bg2
{[%clk 1:30:46]} Bb7 {[%clk 1:27:45]} 5. c4 {[%clk 1:28:34]} d6 {[%clk 1:25:56]}
6. O-O {[%clk 1:26:05]} Nbd7 {[%clk 1:24:55]} 7. Re1 {[%clk 1:24:08]} g6
{[%clk 1:20:41]} 8. Nc3 {[%clk 1:21:41]} Bg7 {[%clk 1:20:12]} 9. e4
{[%clk 1:20:16]} e5 {[%clk 1:16:53]} 10. b3 {[%clk 1:10:30]} O-O {[%clk 1:12:52]}
11. Bb2 {[%clk 1:08:04]} Re8 {[%clk 1:08:34]} 12. Qc2 {[%clk 1:04:04]} a5
{[%clk 1:02:09]} 13. Rad1 {[%clk 1:02:32]} exd4 {[%clk 0:57:18]} 14. Nxd4
{[%clk 1:02:37]} Nc5 {[%clk 0:55:58]} 15. e5 {[%clk 0:54:11]} Bxg2
{[%clk 0:51:40]} 16. Kxg2 {[%clk 0:47:52]} Nh5 {[%clk 0:31:06]} 17. Nf3
{[%clk 0:45:17]} Qc8 {[%clk 0:25:09]} 18. exd6 {[%clk 0:39:22]} Nf4+
{[%clk 0:19:21]} 19. Kh1 {[%clk 0:39:13]} Qh3 {[%clk 0:17:12]} 20. Rg1
{[%clk 0:37:46]} Qg4 {[%clk 0:14:45]} 21. Nh4 {[%clk 0:34:21]} c6
{[%clk 0:05:42]} 22. f3 {[%clk 0:31:05]} Qh5 {[%clk 0:05:04]} 23. d7
{[%clk 0:27:42]} Red8 {[%clk 0:04:37]} 24. Ne4 {[%clk 0:26:12]} Bxb2
{[%clk 0:03:03]} 25. Nxc5 {[%clk 0:23:59]} Qxc5 {[%clk 0:03:12]} 26. Qxb2
{[%clk 0:23:29]} Nh3 {[%clk 0:03:10]} 27. Rg2 {[%clk 0:21:09]} Ra7
{[%clk 0:02:37]} 28. Re2 {[%clk 0:19:34]} Raxd7 {[%clk 0:01:47]} 29. Rde1
{[%clk 0:16:06]} Qd4 {[%clk 0:02:07]} 30. Qxd4 {[%clk 0:14:22]} Rxd4
{[%clk 0:02:36]} 31. f4 {[%clk 0:14:25]} h6 {[%clk 0:01:02]} 32. Kg2
{[%clk 0:11:59]} Nxf4+ {[%clk 0:00:52]} 33. gxf4 {[%clk 0:12:23]} Rxf4
{[%clk 0:01:17]} 34. Re8+ {[%clk 0:12:05]} Rxe8 {[%clk 0:01:46]} 35. Rxe8+
{[%clk 0:12:29]} Kg7 {[%clk 0:02:15]} 36. Nf3 {[%clk 0:12:10]} b5
{[%clk 0:00:42]} 37. c5 {[%clk 0:07:15]} a4 {[%clk 0:01:00]} 38. Rd8
{[%clk 0:04:57]} axb3 {[%clk 0:00:38]} 39. axb3 {[%clk 0:05:23]} Rb4
{[%clk 0:00:35]} 40. Nd4 {[%clk 0:04:04]} Kf6 {[%clk 0:01:00]} 41. h4
{[%clk 0:03:37]} g5 {[%clk 0:00:35]} 42. Rd6+ {[%clk 0:01:51]} Kg7
{[%clk 0:27:17]} 43. h5 {[%clk 0:30:43]} Kh7 {[%clk 0:25:56]} 44. Kf3
{[%clk 0:30:05]} f5 {[%clk 0:26:06]} 45. Ke3 {[%clk 0:29:55]} f4+
{[%clk 0:25:28]} 46. Kd3 {[%clk 0:29:14]} f3 {[%clk 0:21:34]} 47. Rf6
{[%clk 0:24:58]} g4 {[%clk 0:21:22]} 48. Rf7+ {[%clk 0:25:01]} Kg8
{[%clk 0:20:59]} 49. Rf4 {[%clk 0:25:25]}  1-0

[Event "Prague Open 2022 - A IM Open"]
[Site "Olympik hotel, Prague"]
[Date "2022.01.10"]
[Round "5"]
[Board "14"]
[White "Kulhanek, Tomas"]
[Black "Bodicky, Michal"]
[Result "1-0"]
[WhiteElo "2324"]
[BlackElo "2142"]
[PlyCount "0"]
[EventDate "2022.01.07"]
[EventRounds "9"]
[EventCountry "CZE"]

1. e4 {[%clk 1:30:57]} c6 {[%clk 1:30:55]} 2. d4 {[%clk 1:29:56]} d5
{[%clk 1:31:22]} 3. exd5 {[%clk 1:30:22]} cxd5 {[%clk 1:31:49]} 4. Bd3
{[%clk 1:30:46]} Nf6 {[%clk 1:27:41]} 5. c3 {[%clk 1:30:10]} Bg4 {[%clk 1:27:48]}
6. Qb3 {[%clk 1:30:16]} Qc7 {[%clk 1:28:11]} 7. Ne2 {[%clk 1:22:32]} Bxe2
{[%clk 1:28:30]} 8. Bxe2 {[%clk 1:22:59]} Nbd7 {[%clk 1:25:08]} 9. O-O
{[%clk 1:21:56]} e6 {[%clk 1:23:49]} 10. Nd2 {[%clk 1:20:02]} Bd6
{[%clk 1:20:23]} 11. Nf3 {[%clk 1:19:55]} h6 {[%clk 1:18:42]} 12. Bd3
{[%clk 1:18:27]} g5 {[%clk 1:13:34]} 13. g3 {[%clk 1:15:59]} O-O-O
{[%clk 1:04:55]} 14. Re1 {[%clk 1:14:30]} Kb8 {[%clk 0:59:55]} 15. a4
{[%clk 1:14:23]} Ng4 {[%clk 0:51:16]} 16. a5 {[%clk 1:11:44]} Rde8
{[%clk 0:41:08]} 17. a6 {[%clk 1:09:32]} b6 {[%clk 0:39:54]} 18. Bd2
{[%clk 1:01:50]} f5 {[%clk 0:35:32]} 19. c4 {[%clk 0:44:43]} e5 {[%clk 0:30:55]}
20. Bxf5 {[%clk 0:37:41]} dxc4 {[%clk 0:30:44]} 21. Qb5 {[%clk 0:37:09]} Ndf6
{[%clk 0:28:05]} 22. Rac1 {[%clk 0:25:44]} e4 {[%clk 0:22:54]} 23. Rxc4
{[%clk 0:24:22]} Qf7 {[%clk 0:23:14]} 24. Qc6 {[%clk 0:21:19]} Qc7
{[%clk 0:21:47]} 25. Qb5 {[%clk 0:19:24]} Qf7 {[%clk 0:22:02]} 26. Rec1
{[%clk 0:15:13]} exf3 {[%clk 0:17:47]} 27. Qc6 {[%clk 0:15:26]} Bc5
{[%clk 0:18:15]} 28. Rxc5 {[%clk 0:12:51]} bxc5 {[%clk 0:17:58]} 29. Rxc5
{[%clk 0:12:52]}  1-0